[Event "GER-ch U25-B"]
[Site "Willingen"]
[Date "2016.05.18"]
[Round "6"]
[White "Kluehs, Gustaf"]
[Black "Buente, Judith"]
[Result "1-0"]
[WhiteElo "1249"]
[BlackElo "1468"]
[PlyCount "87"]
[EventDate "2016.05.15"]
[EventType "swiss"]
[EventRounds "9"]
[EventCountry "GER"]
[SourceTitle "CBM 172 Extra"]
[Source "ChessBase"]
[SourceDate "2016.06.21"]
[SourceVersion "1"]
[SourceVersionDate "2016.06.21"]
[SourceQuality "1"]

1. d4 d5 2. Nf3 Nf6 3. e3 Bg4 4. Bd3 Nbd7 5. 0-0 e6 6. Nbd2 Bd6 7. c3 c6 8. e4 dxe4 9. Nxe4 Nxe4 10. Bxe4 Nf6 11. Bc2 Qc7 12. h3 Bh5 13. Qd3 Bg6 14. Qe2 Bxc2 15. Qxc2 0-0 16. Bg5 Be7 17. Ne5 Rad8 18. Bf4 Qc8 19. Bh2 c5 20. dxc5 Bxc5 21. Rad1 Nd7 22. Rxd7 Rxd7 23. Nxd7 Qxd7 24. Rd1 Qe7 25. b4 Bb6 26. Bd6 Bxf2+ 27. Qxf2 Qd7 28. Qd4 Ra8 29. Bc5 Qe8 30. Qd7 b6 31. Qxe8+ Rxe8 32. Be3 Kf8 33. Kf2 Ke7 34. Kf3 Rc8 35. Rd3 g6 36. g4 Rc4 37. Bd2 a5 38. Rd4 Rxd4 39. cxd4 a4 40. Ke4 b5 41. a3 f6 42. d5 Kd6 43. dxe6 Kxe6 44. Bf4 1-0

[Event "GER-ch U25-B"]
[Site "Willingen"]
[Date "2016.05.17"]
[Round "5"]
[White "Buente, Judith"]
[Black "Meusel, Johannes"]
[Result "1-0"]
[WhiteElo "1468"]
[BlackElo "915"]
[PlyCount "41"]
[EventDate "2016.05.15"]
[EventType "swiss"]
[EventRounds "9"]
[EventCountry "GER"]
[SourceTitle "CBM 172 Extra"]
[Source "ChessBase"]
[SourceDate "2016.06.21"]
[SourceVersion "1"]
[SourceVersionDate "2016.06.21"]
[SourceQuality "1"]

1. e4 e5 2. Nf3 Nc6 3. Nc3 Bc5 4. Bc4 Nf6 5. d3 d6 6. Bg5 h6 7. Be3 Bxe3 8. fxe3 Be6 9. Bb3 Qd7 10. Qd2 d5 11. exd5 Nxd5 12. e4 Nb6 13. Qf2 Qe7 14. Qg3 Qf6 15. Bxe6 fxe6 16. Rf1 Qe7 17. Nxe5 Qd6 18. Qg6+ Ke7 19. Qxg7+ Ke8 20. Qxh8+ Ke7 21. Rf7# 1-0